000 00365nam a2200157Ia 4500
008 151213s9999 xx 000 0 und d
100 _aHumphreys
245 _aNotes of Robinson Crusoe
_cHumphreys
250 _a1st
260 _aHonkong
_bLong man
_c1986
300 _a2492 p.
650 _aEnglish
650 _aEnglish
700 _aHumphreys
999 _c1707
_d1707